000
00356nam a2200145Ia 4500
008
151213s9999 xx 000 0 und d
100
_a
K. Fatchi
245
_a
International Management
_c
K. Fatchi
260
_a
New Jersey
_b
Prentic Hall
_c
1996
300
_a
2726 p.
650
_a
Management
650
_a
Management
700
_a
K. Fatchi
999
_c
1837
_d
1837